La elección de Ronald Reagan: las relaciones entre América Latina y EEUU
Na minha lista:
| Formato: | Texto |
|---|---|
| Idioma: | Spanish |
| Assuntos: | |
| Tags: |
Adicionar Tag
Sem tags, seja o primeiro a adicionar uma tag!
|
MARC
| LEADER | 00000 a a2200000 04500 | ||
|---|---|---|---|
| 001 | 301 | ||
| 003 | cru CIDCACS/IIS | ||
| 005 | 20191125095911.0 | ||
| 008 | 191001b ||||| |||| 00| 0 spa d | ||
| 999 | |c 22920 |d 22920 | ||
| 040 | |c cru CIDCACS/IIS | ||
| 245 | |a La elección de Ronald Reagan: |b las relaciones entre América Latina y EEUU | ||
| 650 | |a ELECCIONES | ||
| 650 | |a DEMOCRATIZACION | ||
| 650 | |a RECESION ECONOMICA | ||
| 650 | |a AMERICA LATINA | ||
| 773 | |g número 45; páginas 521-522 | ||
| 942 | |2 ddc |c PP | ||
| 773 | 0 | |0 42391 |9 3860 |a Agencia Latinoamericana de Información, ALAI |d Quito, Ecuador: ALAI |o 04486 |t ALAI: |x 08275564 (Servicio mensual de información y documentación) | |
